01380nkm a2200265za 450000100060000000300040000600500170001000700070002700800410003404000110007524500630008626000150014930000480016450001640021250001600037650000590053651001280059560000610072360000370078461000780082165100180089965500350091785200120095285601500096484429OSt20260416124704.0kh bo 250407s1909 sp ||||| |||| 00| i|spa d cM-RABA01a[Retrato del Conde de Floridablanca]h[Material gráfico] c[ca. 1909] a1 fotografíab: fototipiac; 19 x 27,5 cm aReproducción fotográfica del Retrato del Conde de Floridablanca, de Francisco de Goya y situado en la Sala Capitular de la iglesia de San Isidro de Madrid. aLa fotografía pertenece al artículo: Mélida, J. R.: “Un Morales y un Goya existentes en la Catedral de Madrid”, en B.S.E.E., T. XVII, 1909, p. 1. aFecha probable, tomada de la publicación en el BSEE. aMélida, José Ramón: “Un Morales y un Goya existentes en la Catedral de Madrid”, en B.S.E.E., T. XVII, 1909, p. 1.14aFloridablanca, José Moñino, cConde de (d1728-1808)17aGoya, Francisco de d(1746-1828)24aReal Colegiata de San Isidro y Nuestra Señora del Buen Consejo (Madrid) 7aMadrid2embne 7aFotografías de obras de arte jFot-546 3Fot-546uhttps://archivoybiblioteca.realacademiabellasartessanfernando.com/cgi-bin/koha/opac-retrieve-file.pl?id=6e925bdf4c0df0b3938c7c73c31fa262